Il giardino del principio (Record n. 217028)

Dettagli MARC
000 -LEADER
fixed length control field 01524nam a2200205Ia 4500
001 - CONTROL NUMBER
control field a2132-53533
003 - CONTROL NUMBER IDENTIFIER
control field IT-MiCISF
008 - FIXED-LENGTH DATA ELEMENTS--GENERAL INFORMATION
fixed length control field 161014s9999||||xx |||||||||||||| ||und||
040 ## - CATALOGING SOURCE
Original cataloging agency IT-MiCISF
Transcribing agency IT-MiCISF
041 ## - LANGUAGE CODE
Language code of text/sound track or separate title it
999 ## - SYSTEM CONTROL NUMBERS (KOHA)
Koha Dewey Subclass [OBSOLETE] si
100 ## - MAIN ENTRY--PERSONAL NAME
Personal name Gentili Paolo
245 #0 - TITLE STATEMENT
Title Il giardino del principio
Remainder of title Cinque vie per un nuovo umanesimo in famiglia
250 ## - EDITION STATEMENT
Edition statement 1a ed.
260 ## - PUBLICATION, DISTRIBUTION, ETC. (IMPRINT)
Place of publication, distribution, etc. Roma
Name of publisher, distributor, etc. Città Nuova
Date of publication, distribution, etc. 2015
300 ## - PHYSICAL DESCRIPTION
Extent pp. 113
500 ## - GENERAL NOTE
General note / pastorale-familiare, chiesa-domestica, educazione / Uscire, annunciare, abitare, educare, trasfigurare: le 5 vie "familiari" per trasformare la Chiesa in un'esperienza di famiglia, di fraternità, di maternità e di paternità. Come coniugare la frenesia dei ritmi lavorativi, o ancor più le preoccupazioni dettate dalla mancanza di lavoro, con gli impegni familiari? Come non prestare attenzione a tutte quelle nuove situazioni di fragilità emerse negli ultimi anni: conviventi, persone omosessuali, famiglie segnate dal dolore o dalla lacerazione degli affetti? Cinque vie per rispondere alle esigenze del Vangelo e alle sollecitazioni di papa Francesco, sono le indicazioni del Convegno ecclesiale Nazionale di Firenze (novembre 2015) per trasformare la Chiesa in un'esperienza di famiglia. Cinque strade da percorrere per affrontare la vera sfida posta a ogni sposa e a ogni sposo credenti di questo tempo: curare e proteggere il "capolavoro di Dio"; ricostruire il giardino del principio.
650 ## - SUBJECT ADDED ENTRY--TOPICAL TERM
Topical term or geographic name as entry element pastorale-familiare
942 ## - ADDED ENTRY ELEMENTS (KOHA)
Koha item type LIBRO
957 ## -
-- 1
999 ## - SYSTEM CONTROL NUMBERS (KOHA)
-- 1
Dati di copia
Withdrawn status Lost status Damaged status Not for loan Home library Current library Date acquired Total Checkouts Full call number Date last seen Price effective from Koha item type Public note
    Buone Condizioni Not For Loan CISF - Milano CISF - Milano 14/10/2016   a2132-53533 14/10/2016 14/10/2016 LIBRO Data import 15.10.2016 / by Epidotti, Vaglietti
CREDITS: SOCIETA' SAN PAOLO Via A.Severo, 58 - ROMA (RM) & PERIODICI SAN PAOLO SRL Via Giotto, 36 MILANO & CISF Via Giotto, 36 MILANO & EDIZIONI SAN PAOLO SRL,  Piazza Soncino, 5 CINISELLO BALSAMO (MI) -- ITALY